000 00686nam a2200289Ia 4500
005 20260324150302.0
008 008 260324s9999 xx 000 0 eng d
020 _a9781032671550
037 _aEBOOK
040 _aCRL
040 _beng
040 _cCRL
041 _2eng
041 _aeng
084 _qCRL
100 _aJudith Ryder; Harold Silver
_91225902
245 0 _aModern English Society
245 0 _bHistory and Structure 1850-1970
260 _bTaylor and Francis
260 _c1970
365 _a
365 _b195
856 _uhttp://www.taylorfrancis.com/books/9781032671550
942 _cEBOOK
999 _c1835080
_d1835080